A death in Brazil : (Record no. 8049)

MARC details
000 -LEADER
campo de control de longitud fija 01615cam a2200385 a 4500
001 - NÚMERO DE CONTROL
campo de control 113006
005 - FECHA Y HORA DE LA ÚLTIMA TRANSACCIÓN
campo de control 20230404125944.0
008 - DATOS DE LONGITUD FIJA--INFORMACIÓN GENERAL
campo de control de longitud fija 031126s20052004enk b 000 0deng
035 ## - NÚMERO DE CONTROL DEL SISTEMA
Número de control de sistema 13417516
010 ## - NÚMERO DE CONTROL DE LA BIBLIOTECA DEL CONGRESO
Número de control de LC 2003068580
020 ## - NÚMERO INTERNACIONAL ESTÁNDAR DEL LIBRO
Número Internacional Estándar del Libro 0805076417
040 ## - FUENTE DE CATALOGACIÓN
Centro catalogador/agencia de origen DLC
Centro/agencia transcriptor DLC
Centro/agencia modificador DLC
041 ## - CÓDIGO DE IDIOMA
Código de lengua del texto/banda sonora o título independiente eng
050 14 - SIGNATURA TOPOGRÁFICA DE LA BIBLIOTECA DEL CONGRESO
Número de clasificación 103 F 2517
Número de ítem R631d 2005
082 00 - NÚMERO DE LA CLASIFICACIÓN DECIMAL DEWEY
Número de clasificación 981.06/4
100 1# - ENTRADA PRINCIPAL--NOMBRE DE PERSONA
Nombre de persona Robb, Peter,
Fechas asociadas al nombre 1946-
245 12 - MENCIÓN DEL TÍTULO
Título A death in Brazil :
Resto del título a book of omissions /
Mención de responsabilidad, etc. Peter Robb.
260 ## - PUBLICACIÓN, DISTRIBUCIÓN, ETC.
Lugar de publicación, distribución, etc. London:
Nombre del editor, distribuidor, etc. Bloomsbury,
Fecha de publicación, distribución, etc. 2005 c2004.
300 ## - DESCRIPCIÓN FÍSICA
Extensión xiii, 329 p. :
Dimensiones 21 cm.
504 ## - NOTA DE BIBLIOGRAFÍA, ETC.
Nota de bibliografía, etc. Includes bibliographical notes (p.316) and a chronology
505 0# - NOTA DE CONTENIDO CON FORMATO
Nota de contenido con formato Mixed blood--- A cordial man--- On the beach--- Parrot Perch--- Below the equator--- Stuffed goat--- A world Elsewhere--- A place to die for--- Witesses--- A used revolver--- In maceio--- A win.
600 10 - PUNTO DE ACCESO ADICIONAL DE MATERIA--NOMBRE DE PERSONA
Nombre de persona Robb, Peter,
Fechas asociadas al nombre 1946-
Subdivisión general Travel
Subdivisión geográfica Brazil.
650 #0 - PUNTO DE ACCESO ADICIONAL DE MATERIA--TÉRMINO DE MATERIA
Término de materia o nombre geográfico como elemento de entrada Social problems
Subdivisión geográfica Brazil
Subdivisión general History.
651 #0 - PUNTO DE ACCESO ADICIONAL DE MATERIA--NOMBRE GEOGRÁFICO
Nombre geográfico Brazil
Subdivisión general Description and travel.
651 #0 - PUNTO DE ACCESO ADICIONAL DE MATERIA--NOMBRE GEOGRÁFICO
Nombre geográfico Brazil
Subdivisión general Social life and customs
Subdivisión cronológica 20th century.
651 #0 - PUNTO DE ACCESO ADICIONAL DE MATERIA--NOMBRE GEOGRÁFICO
Nombre geográfico Brazil
Subdivisión general History.
651 #0 - PUNTO DE ACCESO ADICIONAL DE MATERIA--NOMBRE GEOGRÁFICO
Nombre geográfico Brazil
Subdivisión general Politics and government
Subdivisión cronológica 1985-2002.
856 42 - LOCALIZACIÓN Y ACCESO ELECTRÓNICOS
Materiales especificados Contributor biographical information
Identificador Uniforme de Recursos <a href="http://www.loc.gov/catdir/bios/hol055/2003068580.html">http://www.loc.gov/catdir/bios/hol055/2003068580.html</a>
856 42 - LOCALIZACIÓN Y ACCESO ELECTRÓNICOS
Materiales especificados Publisher description
Identificador Uniforme de Recursos <a href="http://www.loc.gov/catdir/description/hol053/2003068580.html">http://www.loc.gov/catdir/description/hol053/2003068580.html</a>
856 41 - LOCALIZACIÓN Y ACCESO ELECTRÓNICOS
Materiales especificados Sample text
Identificador Uniforme de Recursos <a href="http://www.loc.gov/catdir/samples/hol051/2003068580.html">http://www.loc.gov/catdir/samples/hol051/2003068580.html</a>
856 41 - LOCALIZACIÓN Y ACCESO ELECTRÓNICOS
Materiales especificados Table of contents
Identificador Uniforme de Recursos <a href="http://www.loc.gov/catdir/toc/fy051/2003068580.html">http://www.loc.gov/catdir/toc/fy051/2003068580.html</a>
925 0# -
-- acquire
-- 2 shelf copies
-- policy default
942 ## - ELEMENTOS DE ENTRADA SECUNDARIOS (KOHA)
Fuente del sistema de clasificación o colocación Clasificación de Library of Congress
Tipo de ítem Koha
946 ## - PROCESAMIENTO DE INFORMACIÓN LOCAL (OCLC)
a rc
Holdings
Estatus retirado Estado de pérdida Fuente del sistema de clasificación o colocación Estado de daño No para préstamo Colección Biblioteca de origen Biblioteca actual Ubicación en estantería Fecha de adquisición Serial enumeration / chronology Total checkouts Signatura topográfica completa Código de barras Visto por última vez Copia número Precio de reemplazo Tipo de ítem Koha
    Clasificación de Library of Congress     Recursos Regionales Biblioteca Juan Bosch Biblioteca Juan Bosch Recursos Regionales (2do. Piso) 04/04/2023 1   103 F 2517 R631d 2005 00000106267 23/10/2018 1 23/10/2018